A Wofatox hatóanyagának immuntoxikológai vizsgálata egéren

Elmentve itt :
Bibliográfiai részletek
Szerzők: Institóris László
Huszta Etelka
Dési Illés
Dokumentumtípus: Cikk
Megjelent: 1988
Sorozat:EGÉSZSÉGTUDOMÁNY 32 No. 3
Tárgyszavak:
mtmt:2140677
Online Access:http://publicatio.bibl.u-szeged.hu/32849
LEADER 00721nab a2200217 i 4500
001 publ32849
005 20250423112439.0
008 250423s1988 hu o 000 hun d
022 |a 0013-2268 
024 7 |a 2140677  |2 mtmt 
040 |a SZTE Publicatio Repozitórium  |b hun 
041 |a hun 
100 1 |a Institóris László 
245 1 2 |a A Wofatox hatóanyagának immuntoxikológai vizsgálata egéren  |h [elektronikus dokumentum] /  |c  Institóris László 
260 |c 1988 
300 |a 222-228 
490 0 |a EGÉSZSÉGTUDOMÁNY  |v 32 No. 3 
650 4 |a Klinikai orvostan 
700 0 1 |a Huszta Etelka  |e aut 
700 0 1 |a Dési Illés  |e aut 
856 4 0 |u http://publicatio.bibl.u-szeged.hu/32849/1/aok_klny_284_88.pdf  |z Dokumentum-elérés